MCU MAIN VILLAINS - Statistics

General Stats
  • This quiz has been taken 546 times
  • The average score is 13 of 18
Answer Stats
Hint Answer % Correct
Avengers/Thor Loki
93%
Infinity War Thanos
92%
Captain America Redskull
91%
Avengers 2 Ultron
90%
Thor 3 Hela
80%
Black Panther Killmonger
80%
Hulk Abomination
79%
Antman Yellow Jacket
79%
Guardians Of The Galaxy 2 Ego
77%
Ironman 2 Whiplash
77%
Captain America 2 Winter Soldier
77%
Spiderman Vulture
76%
Civil War Baron Zemo
72%
Ironman Iron Monger
72%
Guardians Of The Galaxy Ronan
72%
Thor 2 Malekith
60%
Ironman 3 Mandarin
58%
Dr Strange Kaecilius
1%
No matching quizzes found
Score Distribution
Percent of People with Each Score
Percentile by Number Answered
Your Score History
You have not taken this quiz